| 000 | 00628nam a22002297a 4500 | ||
|---|---|---|---|
| 999 |
_c8568 _d8568 |
||
| 001 | 22636 | ||
| 003 | BD-DhUAP | ||
| 005 | 20250312121223.0 | ||
| 008 | 250312b20102017bg |||| |||| 00| 0 eng d | ||
| 020 | _a9848470867 | ||
| 040 |
_aBD-DhUAP _beng _cBD-DhUAP _dBD-DhUAP |
||
| 082 |
_223 _a349.5492 KHA |
||
| 100 | _aKhan, Zakir Hossain. | ||
| 245 |
_aHindu law of Bangladesh / _cZakir Hossain Khan. |
||
| 250 | _a3rd. ed. | ||
| 260 |
_aDhaka : _bLaw book com., _c2017. |
||
| 300 |
_alxii, 562 pages ; _c22 cm. |
||
| 504 | _aIncludes bibliographies. | ||
| 650 |
_aHindu law _zBangladesh. |
||
| 650 | _aHinduism. | ||
| 942 |
_2ddc _cBK |
||